| 000 | 00400nam a2200169Ia 4500 | ||
|---|---|---|---|
| 008 | 220531s9999 xx 000 0 und d | ||
| 041 | _aeng | ||
| 082 | _bGID | ||
| 100 |
_aGiddens, A. _947799 |
||
| 245 | _aCapitalism And Modern Social Theory | ||
| 260 |
_bCambridge _c2002 |
||
| 300 | _a261 | ||
| 542 | _d22-04-2002 | ||
| 650 |
_aSociology _947800 |
||
| 906 | _d2002-2003 | ||
| 999 |
_c28021 _d28021 |
||